Culture générale / Niveau Expert n°1 - Statistiques

Statistiques générales
  • Ce quiz a été pris 9 fois
  • Le résultat moyen est 3 sur 15
Statistiques - réponses
Hint Réponse % Correct
Comment s'appelle la tache blanche en demi-lune, à la base de l'ongle ? Lunule
71%
Sous l’Ancien Régime, comment appelait-on une personne qui n’était pas noble ? Roturier
57%
Née au Japon en 1948, quel type de course de cyclisme sur piste consiste à suivre un "lièvre", avant un sprint final entre plusieurs coureurs ? Keirin
43%
Mère du danseur Roland Petit, quelle française (d'origine italienne) a fondé une célèbre marque de chaussures de danse qui porte son nom ? Rose Repetto
29%
En 1926, quel écrivain fut le premier lauréat du prix Renaudot, pour son livre "Nicolo-Peccavi ou l'Affaire Dreyfus à Carpentras" ? Armand Lunel
14%
Dans quel château est décédé François 1er, roi de France, le 31 mars 1547 ? château de Rambouillet
14%
Qui est l’interprète original, en 1989, de la chanson "On écrit sur les murs", reprise en 2015 par les Kids United ? Demis Roussos
14%
Quel américain fut double champion (saut en longueur et saut en hauteur) lors des JO de 1896 à Athènes ? Ellery Clark
14%
Quel est le prénom du père de Clark Kent, plus connu sous le nom de Superman ? Jonathan
14%
Quelle est la devise officielle de la Mauritanie ? Ouguiya
14%
Avec le gin et le vermouth rouge, quel est le troisième composant du cocktail Negroni ? Campari
0%
À quel archéologue français doit-on, en 1863, la découverte de la Victoire de Samothrace, sur l'île grecque du même nom ? Charles Champoiseau
0%
Quel joueur a fait la passe décisive à Lucien Laurent, premier buteur de l'histoire de la Coupe du Monde de football en 1930 ? Ernest Libérati
0%
Comment appelle-t-on la petite pièce métallique située au bout d’un lacet de chaussure ? Ferret / Aglet
0%
Quel élément du tableau périodique a pour symbole Rg et pour numéro atomique 111 ? Roentgenium
0%
Aucun quiz correspondant
Distribution des résultats
% des personnes avec chaque résultat
Percentile par nombre de réponses
Votre historique - résultats
Vous n’avez pas pris ce quiz